| 000 | 00377nam a2200145 a 4500 | ||
|---|---|---|---|
| 001 | 1158 | ||
| 003 | CDMR | ||
| 005 | 20130417140337.0 | ||
| 008 | 130130s1996||||||||||||||||||||||||||||d | ||
| 040 |
_aCDMR _bcat _cCDMR |
||
| 100 | 1 |
_aGodes, Emili _9907 |
|
| 245 | 1 | 0 |
_aEmili Godes _b: fotògraf de la Nova Objectivitat _cEmili Godes |
| 260 |
_aBarcelona _c1996 _bActar |
||
| 942 |
_cMON _2ddc |
||
| 999 |
_c1158 _d1158 |
||